Chuyển đến nội dung
Inicio
Centros participantes
Catálogo
Servicios
Contacto
Đăng nhập
English
Deutsch
Español
Français
Italiano
日本語
Nederlands
Português
Português (Brasil)
中文(简体)
中文(繁體)
Türkçe
עברית
Gaeilge
Cymraeg
Ελληνικά
Català
Euskara
Русский
Čeština
Suomi
Svenska
polski
Dansk
slovenščina
اللغة العربية
বাংলা
Galego
Tiếng Việt
Hrvatski
हिंदी
Հայերէն
Українська
Sámegiella
Ngôn ngữ
Tất cả các trường
Tiêu đề
Tác giả
Chủ đề
Số hiệu
số ISBN/ISSN
Nhãn
Tìm kiếm
Nâng cao
Acerca de la situación militar...
Trích dẫn điều này
Email này
In
Xuất bản ghi
Xuất tới RefWorks
Xuất tới EndNoteWeb
Xuất tới EndNote
Lưu vào danh sách
Liên kết dài hạn
Agregar primera valuación
Acerca de la situación militar en El Salvador
Đã lưu trong:
Chi tiết về thư mục
Định dạng:
Texto
Được phát hành:
s.l.:
s.e.
Các nhãn:
Thêm thẻ
Không có thẻ, Là người đầu tiên thẻ bản ghi này!
Đang giữ
Miêu tả
Những bình luận
Những quyển sách tương tự
Chế độ xem nhân viên
MARC
LEADER
00000 a a2200000 04500
001
24853
003
040
|a
CRAI/IIS
|c
CRAI/IIS
090
|a
178700
245
|a
Acerca de la situación militar en El Salvador
260
|a
s.l.:
|b
s.e.
300
|a
29 p.
999
|c
8100
|d
8100
Những quyển sách tương tự
Cuadernos de Ciencias Sociales: el imperialismo, el tercer mundo y el mundo socialista
Bằng: Jalee, Pierre
Estructura social de la población cubana en E.U. /
Bằng: Valdés Paz, Juan
Quién es quién en la Administración Reagan
La iniciativa de la Cuenca del Caribe: contradicciones de una confrontación
Bằng: Ramírez Guier, Gonzalo
Crisis, Estado y Política en Puerto Rico, hoy
Bằng: González Díaz, Emilio